PERESTROIKA (Registro nro. 2774)
[ vista simple ]
| 000 -LEADER | |
|---|---|
| fixed length control field | 00438nam a2200181 a 4500 |
| 001 - CONTROL NUMBER | |
| control field | 2774 |
| 005 - DATE AND TIME OF LATEST TRANSACTION | |
| control field | 20180713182732.0 |
| 008 - FIXED-LENGTH DATA ELEMENTS--GENERAL INFORMATION | |
| fixed length control field | 140415s1992 mx 000 0 spa d |
| 020 ## - INTERNATIONAL STANDARD BOOK NUMBER | |
| International Standard Book Number | 9681318277 |
| 041 ## - LANGUAGE CODE | |
| Language code of text/sound track or separate title | spa |
| 082 ## - DEWEY DECIMAL CLASSIFICATION NUMBER | |
| Classification number | 320.5 |
| Item number | GOR |
| 100 1# - MAIN ENTRY--PERSONAL NAME | |
| Personal name | GORBACHEV, MIJAIL |
| 245 10 - TITLE STATEMENT | |
| Title | PERESTROIKA |
| 250 ## - EDITION STATEMENT | |
| Edition statement | 2a ed. |
| 260 ## - PUBLICATION, DISTRIBUTION, ETC. | |
| Place of publication, distribution, etc. | MEXICO : |
| Name of publisher, distributor, etc. | DIANA, |
| Date of publication, distribution, etc. | 1992 |
| 300 ## - PHYSICAL DESCRIPTION | |
| Extent | 373 |
| 650 14 - SUBJECT ADDED ENTRY--TOPICAL TERM | |
| Topical term or geographic name entry element | CIENCIAS POLITICAS |
| General subdivision | FILOSOFIA |
| Withdrawn status | Lost status | Source of classification or shelving scheme | Damaged status | Not for loan | Home library | Current library | Shelving location | Date acquired | Source of acquisition | Total Checkouts | Full call number | Barcode | Price effective from | Koha item type | Collection code | Checked out | Date last seen | Date last checked out | Inventory number |
|---|---|---|---|---|---|---|---|---|---|---|---|---|---|---|---|---|---|---|---|
| Extraviado | Dewey Decimal Classification | Biblioteca Karol Wojtyla | Biblioteca Karol Wojtyla | 03/12/2013 | Compra | 320.5 GOR | 24323 | 03/12/2013 | Libro | ||||||||||
| Dewey Decimal Classification | Biblioteca Karol Wojtyla | Biblioteca Karol Wojtyla | Sala general | 03/12/2013 | Compra | 1 | 320.5 GOR | 13665 | 03/12/2013 | Libro | General | 27/05/2019 | 13/05/2019 | 13/05/2019 | |||||
| Dewey Decimal Classification | Biblioteca Karol Wojtyla | Biblioteca Karol Wojtyla | Sala general | 03/12/2013 | Compra | 320.5 GOR | 24322 | 03/12/2013 | Libro | General | 05/01/2026 | 151000000000000000052820 | |||||||
| Dewey Decimal Classification | Biblioteca Karol Wojtyla | Biblioteca Karol Wojtyla | Sala general | 03/12/2013 | Compra | 3 | 320.5 GOR | 24321 | 03/12/2013 | Libro | General | 05/01/2026 | 16/10/2019 | 151000000000000000055921 | |||||
| Dewey Decimal Classification | Biblioteca Karol Wojtyla | Biblioteca Karol Wojtyla | Sala general | 03/12/2013 | Compra | 320.5 GOR | 33899 | 03/12/2013 | Libro | General | 05/01/2026 | 15/02/2016 | 151000000000000000055922 |